First 30 Names Mentioned in Harry Potter & Order of Phoenix - Statistics

General Stats
  • This quiz has been taken 414 times
  • The average score is 23 of 30
Answer Stats
Hint Answer % Correct
Harry Potter
99%
Is a free Elf Dobby
97%
Harry's Dad James
94%
Ron
94%
Harry's Mum Lily
93%
Also known as Moony Lupin
93%
Hermione
92%
First name Nymphadora Tonks
92%
Dudley
91%
Last years DATDA Teacher Mad eye Moody
91%
Aunt Petunia
90%
The other Hogwarts Champion Cedric
90%
Uncle Vernon
90%
Dumbledore
84%
Sirius
84%
Harry Inflates her in Prisoner of Azkaban Aunt Marge
76%
Member of Harry's advanced guard Kingsley Shacklebolt
74%
Supposed to be watching Harry Mundungus Fletcher
74%
Squib Neighbour Mrs Figg
73%
Mrs Weasley
72%
Piers Piers
71%
Mr Weasley
70%
Dudley's Gang's Victim Mark Evans Mark Evans
69%
Gordon Gordon
66%
Malcolm Malcolm
65%
Voldemort
60%
Member of Harry's advanced guard Dedalus Diggle
51%
Member of Harry's advanced guard Hestia Jones
47%
Member of Harry's advanced guard Sturgis Podmore
45%
Member of Harry's advanced guard Emmeline Vance
43%
No matching quizzes found
Score Distribution
Percent of People with Each Score
Percentile by Number Answered
Your Score History
You have not taken this quiz